[Event "BL 0607 SC Eppingen - SV Mülheim Nord"]
[Site "?"]
[Date "2007.03.18"]
[Round "13.5"]
[White "Hausrath, Daniel"]
[Black "Medvegy, Zoltan"]
[Result "1/2-1/2"]
[BlackElo "2518"]
[EventDate "2007.??.??"]
[PlyCount "74"]
[WhiteElo "2529"]

1. Nf3 Nf6 2. g3 b6 3. Bg2 Bb7 4. O-O e6 5. c4 Be7 6. d4 O-O 7. d5 exd5 8. Nh4 c6 9. cxd5 Nxd5 10. Nf5 Nf6 11. e4 d6 12. Bf4 Ne8 13. Nc3 Bc8 14. Nxe7+ Qxe7 15. Re1 Bb7 16. Ne2 c5 17. Nc3 Nc6 18. Nd5 Qd7 19. Qa4 Qd8 20. b4 Nd4 21. bxc5 dxc5 22. Be5 Bc6 23. Qd1 Bxd5 24. exd5 Nd6 25. Bxd4 cxd4 26. Qxd4 Rc8 27. Rec1 Rxc1+ 28. Rxc1 Qe7 29. Qb4 Rd8 30. h4 h5 31. Bf3 g6 32. Kg2 Nf5 33. Qf4 Qd6 34. Qa4 Qd7 35. Qb4 Qe7 36. Qb2 Qd7 37. Qb4 Qe7  1/2-1/2

[Event "BL 0607 SC Eppingen - SV Mülheim Nord"]
[Site "?"]
[Date "2007.03.18"]
[Round "13.6"]
[White "Mann, Christian"]
[Black "Schebler, Gerhard"]
[Result "1/2-1/2"]
[BlackElo "2535"]
[EventDate "2007.??.??"]
[PlyCount "85"]
[WhiteElo "2457"]

1. g3 d5 2. Bg2 Nc6 3. d4 Bf5 4. c4 e6 5. Nf3 Nb4 6. Na3 h6 7. O-O Nf6 8. Bf4 c6 9. Qb3 a5 10. Rfc1 Be7 11. c5 b6 12. cxb6 a4 13. Qd1 Qxb6 14. Nb1 Bxb1 15. Rcxb1 c5 16. Be3 O-O 17. a3 Nc6 18. dxc5 Bxc5 19. Bxc5 Qxc5 20. b4 axb3 21. Rxb3 Na5 22. Rbb1 Nc4 23. a4 Ne4 24. Qd4 Ra6 25. Qxc5 Nxc5 26. Rb4 Rfa8 27. Nd4 Rxa4 28. Raxa4 Rxa4 29. Rxa4 Nxa4 30. e3 Nc3 31. Bf1 Nd6 32. Bd3 e5 33. Nc6 f6 34. Kf1 g5 35. Bc2 Kf7 36. Kg2 Ke6 37. Kf3 f5 38. h3 Ndb5 39. Bb3 Kd7 40. Nxe5+ Ke6 41. Nd3 Kf6 42. g4 d4 43. Bg8  1/2-1/2

[Event "BL 0607 SC Eppingen - SV Mülheim Nord"]
[Site "?"]
[Date "2007.03.18"]
[Round "13.7"]
[White "Kern, Guido"]
[Black "Rau, Hannes"]
[Result "1/2-1/2"]
[BlackElo "2422"]
[EventDate "2007.??.??"]
[PlyCount "36"]
[WhiteElo "2352"]

1. Nf3 c5 2. c4 Nc6 3. d4 cxd4 4. Nxd4 Nf6 5. Nc3 Qb6 6. Nb3 e6 7. a3 Na5 8. Nxa5 Qxa5 9. Bd2 Qc7 10. e3 a6 11. Be2 b6 12. O-O Bb7 13. Bf3 Be7 14. Bxb7 Qxb7 15. Qe2 d5 16. cxd5 exd5 17. Rfd1 O-O 18. Be1 Rad8  1/2-1/2

[Event "BL 0607 SC Eppingen - SV Mülheim Nord"]
[Site "?"]
[Date "2007.03.18"]
[Round "13.8"]
[White "Vogt, Lothar"]
[Black "Wegener, Olaf"]
[Result "1/2-1/2"]
[BlackElo "2404"]
[EventDate "2007.??.??"]
[PlyCount "99"]
[WhiteElo "2479"]

1. e4 c5 2. c3 d5 3. exd5 Qxd5 4. d4 Nf6 5. Nf3 e6 6. Be3 cxd4 7. cxd4 Nc6 8. Nc3 Qd6 9. a3 Be7 10. Bd3 O-O 11. Qc2 Bd7 12. Rd1 Rfd8 13. O-O Rac8 14. Ng5 g6 15. Qe2 Bf8 16. Qf3 Bg7 17. Nge4 Nxe4 18. Nxe4 Qf8 19. Nf6+ Bxf6 20. Qxf6 Qg7 21. Qh4 f6 22. Be4 Ne7 23. Bxb7 Nf5 24. Qf4 Rb8 25. Bf3 g5 26. Qc7 Bb5 27. Qxg7+ Kxg7 28. Rfe1 Ba4 29. Rd2 Bb3 30. Be4 Nd6 31. Bd3 Nc4 32. Bxc4 Bxc4 33. Rc1 Bd5 34. Rc7+ Kg6 35. Rxa7 Rb3 36. Rc2 Rdb8 37. h3 Rxb2 38. Rcc7 Rb1+ 39. Kh2 R8b7 40. Raxb7 Rxb7 41. Rxb7 Bxb7 42. a4 h5 43. Bd2 Ba6 44. Ba5 Kf5 45. Bd8 Be2 46. a5 Kg6 47. g3 Kf5 48. Kg2 g4 49. hxg4+ hxg4 50. Kg1  1/2-1/2

[Event "BL 0607 SK König-Tegel - SV Wattenschei"]
[Site "?"]
[Date "2007.03.18"]
[Round "13.2"]
[White "Stern, Rene"]
[Black "Rustemov, Alexander"]
[Result "1/2-1/2"]
[BlackElo "2552"]
[EventDate "2007.??.??"]
[PlyCount "74"]
[WhiteElo "2476"]

1. d4 d5 2. c4 dxc4 3. Nf3 e6 4. e3 c5 5. Bxc4 a6 6. O-O Nf6 7. dxc5 Bxc5 8. Qxd8+ Kxd8 9. Ne5 Ke7 10. Be2 Bd7 11. Nc3 Rc8 12. Nxd7 Nbxd7 13. Bd2 Bd6 14. Rfc1 Rc7 15. Nd1 Rac8 16. Rxc7 Rxc7 17. Rc1 Rxc1 18. Bxc1 Nd5 19. Kf1 f5 20. Bd2 Bb4 21. Ke1 Kd6 22. Bxb4+ Nxb4 23. Nc3 Nf6 24. Kd2 e5 25. a3 Nbd5 26. Nxd5 Kxd5 27. Bf3+ e4 28. Bd1 Kc4 29. b3+ Kc5 30. b4+ Kc4 31. Kc2 Ng4 32. Be2+ Kd5 33. Bxg4 fxg4 34. Kc3 b6 35. a4 h5 36. g3 g6 37. Kb3 b5  1/2-1/2

[Event "BL 0607 Solinger SG - SK König-Tegel"]
[Site "?"]
[Date "2007.03.17"]
[Round "12.6"]
[White "Smeets, Jan"]
[Black "Von Herman, Ulf"]
[Result "1/2-1/2"]
[BlackElo "2364"]
[EventDate "2007.??.??"]
[PlyCount "83"]
[WhiteElo "2525"]

1. e4 c6 2. d4 d5 3. Nc3 dxe4 4. Nxe4 Nd7 5. Ng5 Ngf6 6. Bd3 e6 7. N1f3 Bd6 8. Qe2 h6 9. Ne4 Nxe4 10. Qxe4 Nf6 11. Qe2 Qb6 12. O-O O-O 13. b3 Qc7 14. c4 b6 15. Bb2 Re8 16. Rac1 Qe7 17. c5 bxc5 18. dxc5 Bxc5 19. Bxf6 gxf6 20. Rc4 f5 21. Ne5 Bd6 22. Nxc6 Qf6 23. b4 e5 24. Rc2 Bd7 25. Ba6 Bxc6 26. Rxc6 e4 27. Bb7 Rad8 28. Rc4 Be5 29. a4 Re6 30. Bc8 Ree8 31. Bb7 Re6 32. a5 Red6 33. Rc2 Qg5 34. Qe3 Rd1 35. g3 Qg4 36. Rc8 Rxc8 37. Bxc8 Bd4 38. Qf4 Qxf4 39. gxf4 Rxf1+ 40. Kxf1 Bc3 41. Bxf5 Bxb4 42. a6  1/2-1/2

[Event "BL 0607 Solinger SG - SK König-Tegel"]
[Site "?"]
[Date "2007.03.17"]
[Round "12.7"]
[White "Pachow, Joerg"]
[Black "Ernst, Sipke"]
[Result "0-1"]
[BlackElo "2512"]
[EventDate "2007.??.??"]
[PlyCount "96"]
[WhiteElo "2290"]

1. e4 c6 2. d4 d5 3. Nd2 dxe4 4. Nxe4 Bf5 5. Ng3 Bg6 6. Bc4 e6 7. N1e2 Bd6 8. Bf4 Nf6 9. Qd2 O-O 10. O-O Nd5 11. Bxd5 cxd5 12. Bxd6 Qxd6 13. c3 Nc6 14. Nf4 f6 15. Nxg6 hxg6 16. Ne2 Kf7 17. Qf4 Qd7 18. Qg4 Rh8 19. Rae1 Rae8 20. h4 Rh6 21. Nf4 Qd6 22. Re3 e5 23. dxe5 Nxe5 24. Qd1 Rxh4 25. Qxd5+ Qxd5 26. Nxd5 Rd8 27. Nb4 Rd2 28. f4 Rg4 29. Rf2 Rxf2 30. Kxf2 Rxf4+ 31. Ke1 Rg4 32. Re2 Rh4 33. b3 Rh1+ 34. Kd2 Ra1 35. Ke3 Ke6 36. c4 Rd1 37. Nd5 g5 38. a4 Rb1 39. b4 Nxc4+ 40. Kd4+ Ne5 41. Rd2 Rb3 42. Nc7+ Kd6 43. Nb5+ Ke7 44. Kc5 b6+ 45. Kd5 Rxb4 46. Nxa7 Kd7 47. Ra2 Ng6 48. g3 Ne7#  0-1

[Event "BL 0607 Solinger SG - SK König-Tegel"]
[Site "?"]
[Date "2007.03.17"]
[Round "12.8"]
[White "Zysk, Robert"]
[Black "Lipinsky, Fabian"]
[Result "1-0"]
[BlackElo "2357"]
[EventDate "2007.??.??"]
[PlyCount "107"]
[WhiteElo "2468"]

1. d4 d5 2. Nf3 c6 3. c4 e6 4. Nbd2 Nf6 5. g3 Nbd7 6. Bg2 Bd6 7. O-O O-O 8. Qc2 Re8 9. Rd1 Qe7 10. e4 Nxe4 11. Nxe4 dxe4 12. Qxe4 e5 13. Bg5 f6 14. Be3 exd4 15. Qxe7 Bxe7 16. Bxd4 Nb6 17. b3 Bg4 18. h3 Be6 19. Be3 Rad8 20. Nd4 Bf7 21. a4 Nc8 22. a5 a6 23. Rdc1 Bb4 24. Ra2 Re5 25. Bxc6 Rxd4 26. Bxd4 bxc6 27. Bxe5 fxe5 28. Rd1 Be6 29. Re2 Kf7 30. Rxe5 Bxh3 31. Rd4 Bd6 32. Rh5 Be6 33. Rxh7 c5 34. Rd2 Bc7 35. Rh5 Bxa5 36. Ra2 Bb4 37. Rxa6 Ne7 38. Re5 Bd7 39. Ra7 Ke8 40. Rc7 Kd8 41. Rexc5 Bxc5 42. Rxc5 Be6 43. Re5 Kd7 44. Re3 Nf5 45. Rd3+ Kc6 46. Kf1 Kc5 47. Ke2 g6 48. Kd2 Kc6 49. Kc3 Nd6 50. Kd4 Bf5 51. Re3 Bc2 52. g4 Kd7 53. f3 Nf7 54. Kc3  1-0

[Event "BL 0607 SV Wattenscheid - SC Kreuzberg"]
[Site "?"]
[Date "2007.03.17"]
[Round "12.1"]
[White "Socko, Bartosz"]
[Black "Macieja, Bartlomiej"]
[Result "1/2-1/2"]
[BlackElo "2622"]
[EventDate "2007.??.??"]
[PlyCount "90"]
[WhiteElo "2630"]

1. d4 Nf6 2. c4 e6 3. Nf3 b6 4. g3 Ba6 5. Qa4 Bb7 6. Bg2 c5 7. dxc5 Bxc5 8. O-O O-O 9. Nc3 Be7 10. Rd1 Na6 11. Bf4 Nc5 12. Qc2 Qc8 13. Rd4 d5 14. cxd5 Nxd5 15. Nxd5 Bxd5 16. Ng5 Bxg5 17. Bxg5 Bxg2 18. Kxg2 e5 19. Rc4 Qb7+ 20. f3 e4 21. Be3 exf3+ 22. exf3 Ne6 23. a4 Rac8 24. Rc1 Rxc4 25. Qxc4 h6 26. b4 Ng5 27. Qg4 Re8 28. Bf2 Ne6 29. Qc4 Rd8 30. Rc2 Qd7 31. a5 bxa5 32. bxa5 Ng5 33. g4 Qd1 34. Qe2 Qd5 35. Rc5 Qd7 36. Re5 Ne6 37. Qe3 a6 38. Qb6 Nf4+ 39. Kg3 Nd3 40. Re4 Nxf2 41. Kxf2 Qd3 42. Re3 Qc2+ 43. Re2 Qd3 44. Re3 Qc2+ 45. Re2 Qd3  1/2-1/2

[Event "BL 0607 SV Wattenscheid - SC Kreuzberg"]
[Site "?"]
[Date "2007.03.17"]
[Round "12.2"]
[White "Rustemov, Alexander"]
[Black "Luther, Thomas"]
[Result "1-0"]
[BlackElo "2594"]
[EventDate "2007.??.??"]
[PlyCount "79"]
[WhiteElo "2552"]

1. Nf3 d5 2. d4 e6 3. c4 Nf6 4. e3 c5 5. cxd5 exd5 6. Be2 Nc6 7. O-O cxd4 8. exd4 Be7 9. Ne5 O-O 10. Nc3 Bf5 11. Bf4 Rc8 12. Rc1 a6 13. Na4 Nb4 14. Rxc8 Qxc8 15. Nc3 Nc6 16. Bf3 Rd8 17. Nxc6 Qxc6 18. Qb3 Be4 19. Be2 b5 20. Rc1 Qe6 21. Nxe4 Nxe4 22. Qc2 Bf6 23. Qc7 Re8 24. Rc6 Qf5 25. g4 Qg6 26. Qd7 Rf8 27. Qxd5 h6 28. Kg2 Ng5 29. Qf5 Ne6 30. Be3 Qxf5 31. gxf5 Nxd4 32. Rxf6 Nxe2 33. Rxa6 Rd8 34. Rb6 Rd5 35. Kf3 Ng1+ 36. Ke4 Rd7 37. Rxb5 f6 38. a4 Re7+ 39. Kf4 Ne2+ 40. Kf3  1-0

[Event "BL 0607 SV Wattenscheid - SC Kreuzberg"]
[Site "?"]
[Date "2007.03.17"]
[Round "12.3"]
[White "Kalinitschew, Sergey"]
[Black "Bartel, Mateusz"]
[Result "1/2-1/2"]
[BlackElo "2569"]
[EventDate "2007.??.??"]
[PlyCount "104"]
[WhiteElo "2471"]

1. d4 Nf6 2. c4 e6 3. Nc3 Bb4 4. Qc2 c5 5. dxc5 O-O 6. a3 Bxc5 7. Nf3 b6 8. Bg5 Bb7 9. e3 Be7 10. Be2 Ne8 11. Bxe7 Qxe7 12. O-O f5 13. Rad1 Nc6 14. Rd2 g5 15. Rfd1 Rd8 16. Nb5 g4 17. Ne1 d6 18. f4 e5 19. fxe5 Nxe5 20. Qb3 Kh8 21. Qc3 a6 22. Nd3 axb5 23. Nxe5 Nf6 24. Nd3 Qxe3+ 25. Nf2 Qxc3 26. bxc3 d5 27. cxb5 Rc8 28. c4 dxc4 29. Rd6 c3 30. Rxb6 Rf7 31. Bd3 Nd5 32. Rd6 Ne3 33. Rc1 Nxg2 34. Nd1 Nh4 35. Rxc3 Re8 36. Bc4 Rfe7 37. b6 f4 38. Bb5 Rf8 39. Rc7 Nf3+ 40. Kf2 Rxc7 41. bxc7 Nxh2 42. Bc6 Ba6 43. Bd5 g3+ 44. Kg2 Bf1+ 45. Kg1 Bh3 46. Rd8 Kg7 47. Rxf8 Kxf8 48. Bb7 f3 49. Nf2 gxf2+ 50. Kxf2 Ke7 51. c8=Q Bxc8 52. Bxc8 h5  1/2-1/2

[Event "BL 0607 SV Wattenscheid - SC Kreuzberg"]
[Site "?"]
[Date "2007.03.17"]
[Round "12.4"]
[White "Czarnota, Pawel"]
[Black "Tischbierek, Raj"]
[Result "1-0"]
[BlackElo "2486"]
[EventDate "2007.??.??"]
[PlyCount "66"]
[WhiteElo "2554"]

1. e4 Nf6 2. e5 Nd5 3. d4 d6 4. c4 Nb6 5. exd6 exd6 6. Nf3 Bg4 7. Be3 Be7 8. Nbd2 O-O 9. Qc2 Nc6 10. a3 d5 11. c5 Nc4 12. Nxc4 dxc4 13. Qxc4 Bxf3 14. gxf3 Bf6 15. O-O-O b6 16. b4 Ne7 17. f4 c6 18. Bg2 a5 19. d5 cxd5 20. Bxd5 Nxd5 21. Rxd5 Qe7 22. b5 bxc5 23. Rxc5 a4 24. Kb1 Rfd8 25. Ka2 Qb7 26. Rb1 Qf3 27. Rc7 Kh8 28. b6 Rab8 29. b7 h5 30. Qxa4 Qe2+ 31. Qc2 Qa6 32. Qc4 Qa5 33. Rc5 Qa7  1-0

[Event "BL 0607 SV Wattenscheid - SC Kreuzberg"]
[Site "?"]
[Date "2007.03.17"]
[Round "12.7"]
[White "Richter, Michael"]
[Black "Handke, Florian"]
[Result "1/2-1/2"]
[BlackElo "2459"]
[EventDate "2007.??.??"]
[PlyCount "161"]
[WhiteElo "2396"]

1. d4 d5 2. c4 c6 3. cxd5 cxd5 4. Nc3 Nc6 5. Nf3 a6 6. Bf4 Nf6 7. Rc1 e6 8. e3 Be7 9. h3 O-O 10. Bd3 b5 11. O-O Bb7 12. Qe2 Rc8 13. a4 bxa4 14. Nxa4 Nb4 15. Nc5 Qb6 16. Bg5 Nxd3 17. Qxd3 Bc6 18. Bxf6 gxf6 19. Rfe1 a5 20. Qc3 Qb4 21. Qxb4 axb4 22. Ra1 Ra8 23. Rec1 Bb5 24. Ne1 Rfc8 25. Ned3 Bxd3 26. Rxa8 Rxa8 27. Nxd3 Bd6 28. f4 Kf8 29. Kf2 Ke7 30. g4 Kd7 31. Kg3 Be7 32. Kh4 Ra2 33. Kh5 Bf8 34. g5 fxg5 35. fxg5 Bg7 36. Rc2 Ra1 37. Rf2 Ke8 38. Nxb4 Re1 39. Nc2 Rb1 40. Na3 Re1 41. Rf3 Re2 42. Nb5 Bf8 43. Nc7+ Ke7 44. b4 Ra2 45. b5 Ra7 46. Na6 Rb7 47. Nb4 Bg7 48. Nc6+ Ke8 49. Ne5 Bxe5 50. dxe5 Rxb5 51. Kh6 Rb4 52. Kg7 Re4 53. Rxf7 Rxe5 54. h4 Re4 55. Rf4 Rxf4 56. exf4 d4 57. Kxh7 d3 58. g6 d2 59. g7 d1=Q 60. g8=Q+ Ke7 61. Qg7+ Kd6 62. Qe5+ Kd7 63. h5 Qc2+ 64. Kh8 Qh2 65. Qg7+ Kc6 66. Qg5 Qb2+ 67. Qe5 Qh2 68. Qxe6+ Kb5 69. Qe5+ Kb4 70. Kg7 Qg2+ 71. Kf6 Qh2 72. Kg6 Qg2+ 73. Qg5 Qc6+ 74. Qf6 Qe8+ 75. Kg5 Qg8+ 76. Qg6 Qd8+ 77. Kg4 Qd1+ 78. Kg5 Qd8+ 79. Kf5 Qd5+ 80. Kf6 Qd6+ 81. Kg5  1/2-1/2

[Event "BL 0607 Hamburger SK - SG Köln Porz"]
[Site "?"]
[Date "2007.03.17"]
[Round "12.6"]
[White "Heinemann, Thies"]
[Black "Korneev, Oleg"]
[Result "1/2-1/2"]
[BlackElo "2657"]
[EventDate "2007.??.??"]
[PlyCount "42"]
[WhiteElo "2453"]

1. e4 c5 2. Nf3 e6 3. d4 cxd4 4. Nxd4 a6 5. Bd3 Bc5 6. Nb3 Ba7 7. c4 d6 8. Nc3 Nc6 9. Qe2 Nge7 10. Be3 O-O 11. O-O e5 12. Bxa7 Rxa7 13. Qe3 Be6 14. Rac1 Ng6 15. Rfd1 b6 16. Bf1 Qb8 17. Rd2 Nce7 18. Rcd1 Nc8 19. Na1 Nge7 20. Nc2 f5 21. exf5 Nxf5  1/2-1/2

[Event "BL 0607 Hamburger SK - SG Köln Porz"]
[Site "?"]
[Date "2007.03.17"]
[Round "12.8"]
[White "Huschenbeth, Niclas"]
[Black "Van den Doel, Erik"]
[Result "0-1"]
[BlackElo "2578"]
[EventDate "2007.??.??"]
[PlyCount "60"]
[WhiteElo "2241"]

1. e4 e5 2. Nf3 Nc6 3. Bb5 a6 4. Ba4 Nf6 5. d3 d6 6. c3 g6 7. O-O Bg7 8. Nbd2 O-O 9. Re1 Re8 10. Bxc6 bxc6 11. b4 a5 12. Qa4 Bd7 13. bxa5 c5 14. Qa3 Qc8 15. c4 Qa6 16. Nb3 Nh5 17. Bd2 f5 18. exf5 gxf5 19. Rad1 Bc6 20. Nh4 Qc8 21. f4 e4 22. dxe4 fxe4 23. g3 e3 24. Bxe3 Qh3 25. Rd5 Bxd5 26. cxd5 Nxf4 27. Qa4 Nd3 28. Re2 Rf8 29. Qc4 Ne5 30. Qc2 Ng4  0-1

[Event "BL 0607 Werder Bremen - SC Remagen"]
[Site "?"]
[Date "2007.03.17"]
[Round "12.2"]
[White "Efimenko, Zahar"]
[Black "Goloshchapov, Alexander"]
[Result "1/2-1/2"]
[BlackElo "2552"]
[EventDate "2007.??.??"]
[PlyCount "39"]
[WhiteElo "2612"]

1. e4 e6 2. d4 d5 3. Nc3 Nf6 4. e5 Nfd7 5. f4 c5 6. Nf3 Nc6 7. Be3 Be7 8. Qd2 O-O 9. Bd3 f6 10. exf6 Bxf6 11. Be2 cxd4 12. Nxd4 Bxd4 13. Bxd4 e5 14. Bxe5 Ndxe5 15. fxe5 Be6 16. O-O-O d4 17. Nb5 Qd5 18. c4 Qxe5 19. Rhe1 Qc5 20. Nxd4  1/2-1/2

[Event "BL 0607 Werder Bremen - SC Remagen"]
[Site "?"]
[Date "2007.03.17"]
[Round "12.4"]
[White "Hracek, Zbynek"]
[Black "Popovic, Petar"]
[Result "1-0"]
[BlackElo "2483"]
[EventDate "2007.??.??"]
[PlyCount "111"]
[WhiteElo "2614"]

1. e4 c5 2. Nf3 d6 3. d4 cxd4 4. Nxd4 Nf6 5. Nc3 a6 6. Be2 e5 7. Nb3 Be7 8. O-O O-O 9. Be3 Be6 10. Qd2 Nbd7 11. a4 Qc7 12. Rfd1 Nb6 13. a5 Nc4 14. Bxc4 Qxc4 15. Ra4 Qc7 16. Nc1 d5 17. exd5 Nxd5 18. Nxd5 Bxd5 19. Bb6 Qc6 20. Rg4 Be6 21. Rg3 Rac8 22. c3 f6 23. Rd3 Rf7 24. Qe3 Bf8 25. f3 Rd7 26. Rxd7 Bxd7 27. Nd3 Qa4 28. Nf2 Bc6 29. h3 Re8 30. b4 Qb3 31. Bc5 e4 32. Bxf8 exf3 33. Be7 fxg2 34. Re1 Qc4 35. Qe6+ Qxe6 36. Rxe6 Kf7 37. Rxc6 bxc6 38. Bc5 Ke6 39. Kxg2 Kd5 40. Bd4 Kc4 41. Kf3 Re1 42. Ne4 Rf1+ 43. Kg2 Rd1 44. Nc5 Rd2+ 45. Kf3 Kb5 46. Ne6 Rd3+ 47. Kg4 h5+ 48. Kxh5 Rxh3+ 49. Kg4 Rh8 50. Nc7+ Kc4 51. Nxa6 Rd8 52. Nc7 Rd7 53. Bb6 Kxc3 54. a6 Rd1 55. a7 Ra1 56. Ba5  1-0

[Event "BL 0607 Werder Bremen - SC Remagen"]
[Site "?"]
[Date "2007.03.17"]
[Round "12.5"]
[White "Bindrich, Falko"]
[Black "Pelletier, Yannick"]
[Result "1-0"]
[BlackElo "2588"]
[EventDate "2007.??.??"]
[PlyCount "61"]
[WhiteElo "2482"]

1. e4 e6 2. d4 d5 3. Nc3 dxe4 4. Nxe4 Nd7 5. Nf3 Ngf6 6. Nxf6+ Nxf6 7. Be2 c5 8. O-O cxd4 9. Qxd4 Qxd4 10. Nxd4 Bc5 11. Nb3 Bd6 12. Bf3 Nd7 13. Rd1 Bc7 14. Be3 Ne5 15. Be2 Bd7 16. a4 a6 17. Nc5 Bc6 18. b4 O-O 19. f4 Ng6 20. b5 axb5 21. axb5 Rxa1 22. Rxa1 Bd5 23. c4 Nxf4 24. Bf1 Nxg2 25. Bxg2 Bxc4 26. Nd7 Rd8 27. b6 Bd6 28. Bc5 f6 29. Bxd6 Rxd7 30. Bc7 Bd5 31. Ra7  1-0

[Event "BL 0607 Werder Bremen - SC Remagen"]
[Site "?"]
[Date "2007.03.17"]
[Round "12.6"]
[White "Babula, Vlastimil"]
[Black "Grund, Holger"]
[Result "1-0"]
[BlackElo "2432"]
[EventDate "2007.??.??"]
[PlyCount "80"]
[WhiteElo "2584"]

1. d4 d5 2. c4 dxc4 3. e3 Nf6 4. Bxc4 e6 5. Nf3 c5 6. O-O a6 7. Bb3 Be7 8. Nc3 b5 9. Qe2 O-O 10. dxc5 Bb7 11. Bc2 Bxc5 12. e4 Nbd7 13. e5 Bxf3 14. gxf3 Nh5 15. Rd1 g6 16. a4 b4 17. Ne4 Be7 18. Be3 Qc7 19. f4 Rfd8 20. Rac1 Qa5 21. Nd2 Nf8 22. Nc4 Rxd1+ 23. Bxd1 Qd8 24. Nb6 Rb8 25. a5 Ng7 26. Bc2 g5 27. fxg5 Bxg5 28. Rd1 Qe7 29. f4 Bh6 30. Be4 Qh4 31. Rf1 Nh5 32. Qf3 f5 33. exf6 Nxf6 34. Kh1 Nxe4 35. Qxe4 Re8 36. Rg1+ Kf7 37. Nc4 Rd8 38. Ne5+ Kf6 39. Ng4+ Kf7 40. Ne5+ Kf6  { ZÜ}   1-0

[Event "BL 0607 Bindl-Aktionär - OSC Baden Bade"]
[Site "?"]
[Date "2007.03.17"]
[Round "12.7"]
[White "Schlosser, Philipp"]
[Black "Stohl, Igor Dr"]
[Result "1/2-1/2"]
[BlackElo "2551"]
[EventDate "2007.??.??"]
[PlyCount "44"]
[WhiteElo "2554"]

1. c4 Nf6 2. Nc3 e5 3. Nf3 Nc6 4. e4 Bb4 5. d3 d6 6. Be2 h6 7. O-O O-O 8. a3 Bxc3 9. bxc3 Nh7 10. Ne1 f5 11. exf5 Bxf5 12. Nc2 Nf6 13. f4 exf4 14. Bxf4 Qd7 15. Ne3 Bg6 16. Nd5 Ne7 17. Nxe7+ Qxe7 18. Bf3 c6 19. Qd2 Bh5 20. Rae1 Qd7 21. Bxh5 Nxh5 22. Be3 b6  1/2-1/2

[Event "BL 0607 Bindl-Aktionär - OSC Baden Bade"]
[Site "?"]
[Date "2007.03.17"]
[Round "12.8"]
[White "Markos, Jan"]
[Black "Doettling, Fabian"]
[Result "1/2-1/2"]
[BlackElo "2542"]
[EventDate "2007.??.??"]
[PlyCount "188"]
[WhiteElo "2538"]

1. d4 d5 2. c4 e6 3. Nc3 Be7 4. Nf3 Nf6 5. Bg5 h6 6. Bh4 O-O 7. e3 b6 8. Bd3 Bb7 9. Bxf6 Bxf6 10. cxd5 exd5 11. b4 c6 12. O-O Qd6 13. Qb3 Nd7 14. a4 a5 15. b5 c5 16. Bf5 cxd4 17. exd4 Rfe8 18. Rac1 Nf8 19. Rc2 g6 20. Bd3 Ne6 21. Ne2 Rac8 22. Rfc1 Rxc2 23. Qxc2 Kg7 24. h4 h5 25. Qd1 Nf4 26. Nxf4 Qxf4 27. g3 Qg4 28. Be2 Qe6 29. Bf1 Rc8 30. Bg2 Rc4 31. Rxc4 dxc4 32. Ng5 Bxg5 33. Bxb7 Bf6 34. Bf3 Qf5 35. Qe2 Qb1+ 36. Kg2 c3 37. Be4 Qb4 38. Bc2 Bxd4 39. Qe4 Qc5 40. Qf3 Bf6 41. Qe4 Bd4 42. Qf3 Qe7 43. Qd3 Qf6 44. f4 Bc5 45. f5 gxf5 46. Qe2 Qd4 47. Bxf5 Qg1+ 48. Kf3 Bd6 49. Qf2 Qd1+ 50. Kg2 Bc5 51. Qc2 Qg1+ 52. Kf3 Qh1+ 53. Kf4 Bd6+ 54. Ke3 Qg1+ 55. Kd3 Qxg3+ 56. Kc4 Qxh4+ 57. Kxc3 Be5+ 58. Kd3 Qg3+ 59. Ke2 Qg2+ 60. Ke3 Qg5+ 61. Ke2 Qg2+ 62. Ke3 Qg1+ 63. Ke2 Kf6 64. Be4 h4 65. Qd2 Qh2+ 66. Kd3 Qxd2+ 67. Kxd2 Kg5 68. Ke3 Kg4 69. Bd5 f5 70. Bf3+ Kg3 71. Ke2 h3 72. Bc6 Kf4 73. Kd3 Bd6 74. Bb7 Bc5 75. Ba8 Kg3 76. Ke2 Bg1 77. Bb7 Kf4 78. Kd3 Ke5 79. Kc4 Be3 80. Ba8 Bc5 81. Bb7 f4 82. Ba8 Kf5 83. Kd3 Kg4 84. Ke2 Be7 85. Bc6 Bf6 86. Kd3 h2 87. Ba8 Kf5 88. Bb7 Kg4 89. Ke2 Kg3 90. Bc6 Bd4 91. Ba8 Bc5 92. Bd5 f3+ 93. Bxf3 Kf4 94. Bb7 Ke5  1/2-1/2

[Event "BL 0607 SF Berlin - SC Bann"]
[Site "?"]
[Date "2007.03.17"]
[Round "12.1"]
[White "Laznicka, Viktor"]
[Black "Polzin, Rainer"]
[Result "0-1"]
[BlackElo "2480"]
[EventDate "2007.??.??"]
[PlyCount "75"]
[WhiteElo "2596"]

1. d4 Nf6 2. c4 g6 3. f3 c5 4. d5 d6 5. e4 Bg7 6. Ne2 O-O 7. Nec3 Na6 8. Be2 Nc7 9. Be3 a6 10. a4 Rb8 11. O-O Bd7 12. Na3 Nfe8 13. Qd2 e6 14. a5 b5 15. axb6 Rxb6 16. Rfb1 Qb8 17. Ra2 Rb4 18. Bg5 f5 19. exf5 Rxf5 20. Bd3 Rf7 21. dxe6 Nxe6 22. Nd5 Nxg5 23. Qxg5 Nf6 24. Nc2 Rb3 25. Nxf6+ Bxf6 26. Qd5 Rxd3 27. Qxd3 Bf5 28. Qd5 Bxc2 29. Rxa6 Kg7 30. Re1 Qb4 31. Re8 Bd4+ 32. Kh1 Qxb2 33. h4 Qc1+ 34. Kh2 Qf4+ 35. Kh3 Bf5+ 36. g4 Bd3 37. Kg2 Qd2+ 38. Kg3  0-1

[Event "BL 0607 SF Berlin - SC Bann"]
[Site "?"]
[Date "2007.03.17"]
[Round "12.2"]
[White "Berndt, Stephan"]
[Black "Stocek, Jiri"]
[Result "1-0"]
[BlackElo "2572"]
[EventDate "2007.??.??"]
[PlyCount "65"]
[WhiteElo "2445"]

1. e4 c5 2. Nf3 d6 3. d4 cxd4 4. Nxd4 Nf6 5. Nc3 a6 6. Bc4 e6 7. Bb3 Be7 8. g4 h6 9. Be3 b5 10. a3 Bd7 11. Rg1 Nc6 12. h4 h5 13. g5 Ng4 14. Nxc6 Bxc6 15. Qd4 O-O 16. O-O-O a5 17. g6 b4 18. gxf7+ Kh7 19. e5 Bf3 20. exd6 bxc3 21. Qc5 cxb2+ 22. Kb1 Bg5 23. Bxg5 Qd7 24. Be7 Rxf7 25. Qxh5+ Kg8 26. Rde1 Ne3 27. Rxg7+ Kxg7 28. Qe5+ Kh7 29. Rxe3 Qc6 30. Bxe6 Raf8 31. Bxf8 Rxf8 32. Bf5+ Kh6 33. Qe6+  1-0

[Event "BL 0607 SF Berlin - SC Bann"]
[Site "?"]
[Date "2007.03.17"]
[Round "12.5"]
[White "Muraniy, Karl-Jasmin"]
[Black "Kraemer, Martin"]
[Result "1/2-1/2"]
[BlackElo "2435"]
[EventDate "2007.??.??"]
[PlyCount "203"]
[WhiteElo "2357"]

1. d4 Nf6 2. c4 e6 3. Nc3 Bb4 4. Bg5 c5 5. Bxf6 Qxf6 6. e3 Nc6 7. Ne2 Bxc3+ 8. bxc3 b6 9. Nc1 O-O 10. Nb3 Bb7 11. Be2 Qg5 12. Bf3 Ba6 13. h4 Qe7 14. Be2 Rac8 15. Rc1 d6 16. g3 e5 17. d5 Nb8 18. Nd2 f5 19. e4 f4 20. Bg4 Rc7 21. Be6+ Kh8 22. g4 b5 23. cxb5 Bxb5 24. f3 c4 25. Rb1 Bd7 26. Bxd7 Nxd7 27. Qa4 Rfc8 28. Ke2 h6 29. h5 Kh7 30. Qa6 Nc5 31. Qa5 Qd7 32. Qb5 Qe7 33. Qa5 Nd3 34. Qa6 Qd8 35. Qa5 Nc5 36. Rb4 Qe7 37. Rxc4 Rb7 38. Rb4 Rbc7 39. c4 Nd7 40. Qa6 Nc5 41. Qa5 Nd7 42. Qa3 Nb6 43. Qa6 Nd7 44. Rb7 Nc5 45. Rxc7 Qxc7 46. Qa3 Rb8 47. Rb1 Rxb1 48. Nxb1 Qe7 49. Nd2 a6 50. Nb3 Nxb3 51. axb3 Qa7 52. b4 Qg1 53. Qc3 Qg2+ 54. Kd1 Qa2 55. c5 a5 56. bxa5 dxc5 57. d6 c4 58. Kc1 Qa4 59. d7 Qxd7 60. Qxc4 Qa7 61. Qc3 Qf2 62. Kb1 Qe2 63. Kc1 Qf2 64. Kd1 Qf1+ 65. Kc2 Qb5 66. Kd2 Qf1 67. Qd3 Qa1 68. Qc3 Qf1 69. Kc2 Qb5 70. Qd2 Qa4+ 71. Kb2 Qb5+ 72. Ka3 Qc5+ 73. Qb4 Qc1+ 74. Ka4 Qd1+ 75. Qb3 Qd7+ 76. Kb4 Qb7+ 77. Ka3 Qa6 78. Qc3 Qb5 79. Ka2 Qa4+ 80. Kb2 Qb5+ 81. Kc2 Qe2+ 82. Qd2 Qxf3 83. a6 Qa3 84. Qd3 Qa2+ 85. Kd1 Qa1+ 86. Ke2 Qa2+ 87. Kf3 Qa4 88. g5 hxg5 89. Kg4 Qe8 90. Kxg5 Qe7+ 91. Kg4 Qe6+ 92. Kh4 Qf6+ 93. Kh3 Qg5 94. Qf3 Qe7 95. Qg4 Qa3+ 96. Kh4 Qxa6 97. Qf5+ Kh8 98. Qxe5 Qf1 99. Qe8+ Kh7 100. Qg6+ Kg8 101. Kg5 f3 102. Qe8+  1/2-1/2